Politische und sozioökonomische Veränderungen in der Slowakei und ihre Auswirkungen auf Bildung und Fremdsprachenunterricht nach 1989
V článku mapujeme politické a sociálno-ekonomické zmeny na Slovensku po roku 1989 a sledujeme ich vplyv na inštitucionálne vzdelávanie a výučbu cudzích jazykov. Identifikujeme dôležité zmeny, ku ktorým došlo počas vlád jednotlivých premiérov – ako napríklad rozdelenie Československa, vznik samostatn...
Saved in:
| Main Author: | |
|---|---|
| Format: | Book Chapter |
| Language: | German |
| Subjects: | |
| Tags: |
No Tags, Be the first to tag this record!
|
MARC
| LEADER | 00000naa$a2200000$$$4500 | ||
|---|---|---|---|
| 001 | 0312183 | ||
| 005 | 20250911115547.9 | ||
| 041 | 0 | |a ger | |
| 044 | |a CZ | ||
| 245 | 1 | 0 | |a Politische und sozioökonomische Veränderungen in der Slowakei und ihre Auswirkungen auf Bildung und Fremdsprachenunterricht nach 1989 |c Lucia Šukolová |
| 520 | |a V článku mapujeme politické a sociálno-ekonomické zmeny na Slovensku po roku 1989 a sledujeme ich vplyv na inštitucionálne vzdelávanie a výučbu cudzích jazykov. Identifikujeme dôležité zmeny, ku ktorým došlo počas vlád jednotlivých premiérov – ako napríklad rozdelenie Československa, vznik samostatnej Slovenskej republiky a vstup Slovenska do Európskej únie (EÚ), keď sa slovenčina stala jedným z úradných jazykov EÚ. Vďaka vstupu do EÚ, schengenského priestoru a eurozóny, prijatiu spoločnej meny euro sa slovenským občanom uľahčil nielen voľný pohyb za účelom vzdelávania, cestovného ruchu a práce, ale aj platby v krajinách eurozóny. | ||
| 610 | 2 | 0 | |a trh práce |
| 610 | 2 | 0 | |a vzdelávanie |
| 610 | 2 | 0 | |a Československo |
| 610 | 2 | 0 | |a jazyky cudzie |
| 610 | 2 | 0 | |a migrácia |
| 610 | 2 | 0 | |a Európa |
| 100 | 1 | |a Šukolová, Lucia, 1984- | |